Saṅkhyājōtiṣaṃ / (Record no. 88600)

MARC details
000 -LEADER
fixed length control field 00945cam a22002771a 4500
001 - CONTROL NUMBER
control field sa 68018708
003 - CONTROL NUMBER IDENTIFIER
control field DLC
005 - DATE AND TIME OF LATEST TRANSACTION
control field 20260227112714.0
008 - FIXED-LENGTH DATA ELEMENTS--GENERAL INFORMATION
fixed length control field 970320s1967 ii 000 0 malr
010 ## - LIBRARY OF CONGRESS CONTROL NUMBER
LC control number sa 68018708
025 ## - OVERSEAS ACQUISITION NUMBER
Overseas acquisition number I-Mal-1481
035 ## - SYSTEM CONTROL NUMBER
System control number (OCoLC)36584627
040 ## - CATALOGING SOURCE
Original cataloging agency DLC
Transcribing agency ICRL
Modifying agency DLC
042 ## - AUTHENTICATION CODE
Authentication code premarc
050 00 - LIBRARY OF CONGRESS CALL NUMBER
Classification number BF1623.P9
Item number T5
100 1# - MAIN ENTRY--PERSONAL NAME
Personal name Tōmas, Bi.
245 10 - TITLE STATEMENT
Title Saṅkhyājōtiṣaṃ /
Statement of responsibility, etc. Bi. Tōmas.
260 ## - PUBLICATION, DISTRIBUTION, ETC.
Place of publication, distribution, etc. [Kōṭṭayaṃ?] :
Name of publisher, distributor, etc. J. Johnson ;
Place of publication, distribution, etc. Kōṭṭayaṃ :
Name of publisher, distributor, etc. vitaraṇaṃ, Nāṣanal Bukkst̲t̲āḷ,
Date of publication, distribution, etc. 1967.
300 ## - PHYSICAL DESCRIPTION
Extent 267 p. :
Other physical details ill. ;
Dimensions 19 cm.
500 ## - GENERAL NOTE
General note "85 varṣatte kalaṇṭar̲uṃ, Kollavarṣaṃ 1057-1143 Kr̲istuvarṣaṃ 1881-1968"--Cover.
520 ## - SUMMARY, ETC.
Summary, etc. Treatise on numerology based on Cheiro's book of numbers.
546 ## - LANGUAGE NOTE
Language note In Malayalam.
650 #0 - SUBJECT ADDED ENTRY--TOPICAL TERM
Topical term or geographic name entry element Symbolism of numbers.
650 #0 - SUBJECT ADDED ENTRY--TOPICAL TERM
Topical term or geographic name entry element Numerology.
600 00 - SUBJECT ADDED ENTRY--PERSONAL NAME
Personal name Cheiro,
Dates associated with a name 1866-1936.
Title of a work Cheiro's book of numbers.

No items available.

Powered by Koha